000 00631nam a2200229 a 4500
001 70947
003 BD-RjUL
005 20211209082046.0
008 170423s1950 enka 001 0 eng d
035 _a(BD-RjUL)71161
040 _aDLC/ICU
_cICU
_dBD-RjUL
_beng
041 _aeng
082 0 0 _a530.1
_223
_bHEE 1950
100 1 _aHeitler, W.
_d1904-
_9209953
245 1 0 _aElementary wave mechanics /
_cW Heitler
260 _aOxford :
_bClarendon Press,
_c1950.
300 _aviii, 136 p. :
_bill. ;
_c19 cm.
500 _aIncludes Index.
650 0 _aWave mechanics.
_9117120
942 _2ddc
_cBK
999 _c70947
_d70947